00457cam a2200157ua 45000010005000000080039000050400009000440820008000531000025000612450062000862500009001482600058001573000016002156530029002316530039002604159111219n ii |||gr||||Z||||||asm cMAIN a398 aDutta, Birendranath,11aLoka samskrtir swarup aru adhyayancby Birendranath Dutta a1st. aDibrugarh:bAssamese diptt. dibrugarh university,998. a87p:c23cm. aAssamese folk literature aLoka samskrtir swarup aru adhyayan